Biblioteca
Vista normal Vista MARC
  • Lewis, Jonatán Paul

Entrada Autor personal

Número de registros utilizados en: 4

001 - NUMERO DE CONTROL

  • Campo de control: 1299

003 - IDENTIFICADOR DE NUMERO DE CONTROL

  • Campo de control: CO-MdFUSB

005 - HORA Y FECHA DE LA ULTIMA TRANSACCIÓN

  • Campo de control: 20180727110548.0

008 - CAMPO DE LONGITUD FIJA

  • Campo fijo de descripción fija: 180727|| aca||aabn | a|a d

040 ## - AGENCIA DE CATALOGACIÓN ORIGINAL

  • Lenguaje de catalogación: spa
  • Agencia que hace la transcripción: CO-MdFUSB

100 ## - AUTOR PERSONAL

  • Autor personal: Lewis, Jonatán Paul

370 ## - LUGARES ASOCIADOS

  • Lugar de nacimiento: Argentina

372 ## - FIELD OF ACTIVITY

  • Campo de actividad: Doctor en educación vocacional

372 ## - FIELD OF ACTIVITY

  • Campo de actividad: Fundador del centro de capacitación misionera transcultural (CCMT) en Córdoba, Argentina

372 ## - FIELD OF ACTIVITY

  • Campo de actividad: Fundador y presidente de GoGlobalNetwork.org.

373 ## - GRUPO ASOCIADO

  • Grupo asociado: Colorado State University

375 ## - GENERO

  • Género: Masculino.

377 ## - IDIOMA ASOCIADO

  • Código del idioma: spa.

378 ## - FORMA MAS COMPLETA DEL NOMBRE

  • Forma mas completa del nombre: Jonatán Paul Lewis

Biblioteca FUSBC | Teléfono: (57+4) 349 88 10 Ext. 141| WhatsApp (+57) 3005338115 
E-mail: biblioteca@unisbc.edu.co | Calle 76 87-14 Robledo Palenque, Medellín, Colombia

Con tecnología Koha